000 00612cam a2200217 a 4500
003 EG-GiCUC
008 821217s1956 mau 000 0 eng
040 _aDLC
_c DLC
_d DLC
050 0 0 _aPZ3.A898
_bGr
_aPS3501.U25
092 0 4 _a823.54
_bA898
_221
099 _a04
_a823.54 A898
100 1 _aAuchincloss, Louis.
245 1 4 _aThe great world and Timothy Colt.
260 _aBoston,
_bHoughton Mifflin,
_c1956.
300 _a285 p.
_c22 cm.
902 _a1
905 _aIbrahim
_eRev
905 _aJamal
_eCat.
942 _2ddc
_cBK
999 _c107895
_d107895